| 000 | 00783nam0a22002411 4500 | ||
|---|---|---|---|
| 001 | rc\2763517 | ||
| 005 | 20250529153214.0 | ||
| 035 | _a(NLR Aleph) 006890052 | ||
| 090 |
_a7137113 _c7137113 |
||
| 100 | _a20110915d1940 |||y0rusy50 ca | ||
| 101 | 0 | _arus | |
| 102 | _aRU | ||
| 105 | _aa z ||||| | ||
| 200 | 1 |
_aОбработка летных испытаний самолета и пересчет его характеристик _fВ. Л. Теуш |
|
| 210 |
_aМосква _cОборонгиз _d1940 _eКиев |
||
| 215 |
_a60 с. _cчерт. _d22 см. |
||
| 320 | _aБиблиогр.: с. 54 | ||
| 700 | 1 |
_aТеуш _bВ.Л. _gВениамин Львович |
|
| 801 | 0 |
_aRU _bNLR _gpsbo |
|
| 801 | 1 |
_aRU _bELAR _2rusmarc |
|
| 852 |
_aNLR _j40-11/2366 |
||
| 942 | _cBOOK | ||
| 980 | _aNB | ||